| 000 | 00589nam a22001817a 4500 | ||
|---|---|---|---|
| 999 |
_c167294 _d167294 |
||
| 010 | _aENG-126321 | ||
| 020 |
_a978-93-86552-89-1 _c1095 |
||
| 035 | _aEN-109853 | ||
| 082 | _a362.280954792 | ||
| 245 |
_aEssays on Suicide and Self-Immolation/ _cedited by A.M. Shah [and] Lancy Lobo |
||
| 260 |
_aDelhi _bPrimus Books _c2018 |
||
| 270 |
_aVirat Mukherjee Nagar Commercial Complex, _bDelhi _e110009 |
||
| 300 |
_a211p. _bill _c24cm |
||
| 500 | _aIncludes Index and Bibliography | ||
| 700 | _aShah,A.M. | ||
| 700 | _aLobo, Lancy | ||
| 942 |
_2ddc _cEN _h362.280954792 _mESS |
||